[Event "Reykjavik op"]
[Site "Reykjavik"]
[Date "1986.??.??"]
[Round "7"]
[White "Thorsteins, Karl"]
[Black "Seirawan, Yasser"]
[Result "1/2-1/2"]
[WhiteElo "2445"]
[BlackElo "2605"]

1.d4 Nf6 2.c4 c5 3.d5 e5 4.Nc3 d6 5.e4 g6 6.Nf3 Bg7 7.Bd3 Na6 8.a3 Bd7 9.h3 Nc7
10.Be3 Qe7 11.b4 b6 12.Bc2 O-O 13.bxc5 bxc5 14.Rb1 Rab8 15.Nd2 Rb6 16.Rxb6 axb6
17.Ba4 Ra8 18.Qb3 Bxa4 19.Nxa4 Nd7 20.Nb1 f5 21.Nbc3 Bf6 22.O-O f4 23.Bd2 h5
24.Rb1 Kg7 25.Qd1 Ra6 26.Rb3 Ne8 27.Rb2 Qf7 28.Qb3 Bd8 29.Nd1 Nef6 30.Nac3 g5
31.Qb5 Rxa3 32.Qc6 Qe7 33.Kf1 Nb8 34.Qc8 Ra8 35.Qf5 Ng8 36.Nb5 Nh6 37.Qe6 Nf7
38.Ndc3 Nd7 39.Ke2 Ra1 40.Qf5 Nf8 41.h4 gxh4 42.Qxh5 Ng6 43.Qf5 Qg5 44.Qxg5 Bxg5
45.Nc7 Kh7 46.f3 Rh1 47.Be1 h3 48.gxh3 Rh2+ 49.Bf2 Bh4 50.Nd1 Ng5 51.Ne8 Nxh3
52.Kf1 Rh1+ 53.Kg2 Rxd1 54.Kxh3 Bxf2 55.Rxf2 Rg1 56.Nxd6 Rg3+ 57.Kh2 Nh4
58.Nf7 Kg6 59.Nxe5+ Kf6 60.Ng4+ Ke7 61.Ne5 Kd6 62.Nf7+  1/2-1/2

[Event "Reykjavik op"]
[Site "Reykjavik"]
[Date "1986.??.??"]
[Round "9"]
[White "Schussler, Harry"]
[Black "Seirawan, Yasser"]
[Result "1-0"]
[WhiteElo "2455"]
[BlackElo "2605"]

1.d4 d6 2.c4 e5 3.Nc3 g6 4.dxe5 dxe5 5.Qxd8+ Kxd8 6.Nf3 Bg7 7.e3 c6 8.b3 e4
9.Nd4 f5 10.Ba3 Nf6 11.O-O-O Kc7 12.Ndb5+ cxb5 13.Nxb5+ Kb6 14.c5+ Ka5 15.Rd4  1-0

[Event "Reykjavik op"]
[Site "Reykjavik"]
[Date "1986.??.??"]
[Round "10"]
[White "Seirawan, Yasser"]
[Black "Welin, Thomas"]
[Result "1/2-1/2"]
[WhiteElo "2605"]
[BlackElo "2445"]

1.c4 e5 2.g3 d6 3.Bg2 g6 4.d4 Nd7 5.Nc3 Bg7 6.Nf3 Ne7 7.O-O O-O 8.e4 exd4
9.Nxd4 Nc6 10.Nde2 Nce5 11.b3 Nc5 12.Be3 c6 13.Qd2 f5 14.exf5 Bxf5 15.Rad1 Qa5
16.Kh1 Ng4 17.Bd4 Nd3 18.Kg1 Bxd4 19.Nxd4 Ngxf2 20.Rxf2 Nxf2 21.Kxf2 Bg4+
22.Ke3 Rae8+ 23.Kd3 Bf5+ 24.Be4 Bxe4+ 25.Nxe4 Qe5 26.Ng5 h6 27.Nge6 Rxe6
28.Nxe6 Qxe6 29.Kc2 d5 30.cxd5 cxd5 31.Kb2 Qe5+ 32.Ka3 Rd8 33.Qxh6 Rd6 34.Qd2 d4
35.Kb2 d3+ 36.Qc3 Qf5 37.a4 b6 38.Rd2 Qd5 39.Qc4 Qxc4 40.bxc4 Rc6 41.Kc3 Rc5
42.Rxd3 Ra5 43.Kb4 Kf7 44.Rd5 Ra6 45.h4 Kf6 46.g4  1/2-1/2

[Event "USA-ch"]
[Site "?"]
[Date "1986.??.??"]
[Round "?"]
[White "Christiansen, Larry Mark"]
[Black "Seirawan, Yasser"]
[Result "1/2-1/2"]
[WhiteElo "2560"]
[BlackElo "2580"]

1.d4 Nf6 2.c4 e6 3.Nf3 Bb4+ 4.Bd2 Bxd2+ 5.Qxd2 O-O 6.g3 b6 7.Nc3 Bb7 8.d5 c6
9.d6 c5 10.Bg2 Ne4 11.Qd3 Nxc3 12.Ng5 Qxg5 13.Bxb7 Nxe2 14.Qxe2 Nc6 15.Bxa8 Rxa8
16.O-O Qe5 17.Qxe5 Nxe5 18.Rac1 f5 19.f4 Nc6 20.Rfd1 a5 21.Rc3 Nd4 22.Kf2 Rc8
23.Rcd3 Kf7 24.b3 Kf6 25.Ke3 Rc6 26.Rxd4 cxd4+ 27.Rxd4 h6 28.h4 g6 29.Rd2 e5
30.fxe5+ Kxe5 31.Rd5+ Ke6 32.Kf4 Kf6 33.Kf3 Rc5 34.Rd1 Ke6 35.Kf4 Re5 36.Rd2 Re1
37.Rd5 Re4+ 38.Kf3 Re5 39.Rd1 g5 40.hxg5 hxg5 41.a4 Rc5 42.g4 f4 43.Rd3 Re5
44.Kf2 Kf6 45.Rc3 Re6 46.c5 bxc5 47.Rxc5 Re5 48.Rc4 Ke6 49.b4 Kd5 50.Rc5+ Kxd6
51.Rxe5 Kxe5 52.b5 d5 53.Ke2 d4 54.Ke1 Kd6 55.Ke2 Kd5 56.Ke1 Ke6 57.Ke2 Ke7
58.Ke1 Ke8 59.Ke2 Kd8 60.Ke1 Kc8 61.Ke2 Kc7 62.Kd3 f3 63.Kd2 Kb6 64.Kd3 Kc5
65.Kd2 Kd5 66.Kd3 Ke5 67.Kd2 Ke4 68.b6 d3 69.b7 f2 70.b8=Q f1=Q 71.Qb7+ Ke5
72.Qe7+ Kd4 73.Qd6+ Kc4 74.Qd4+ Kxd4  1/2-1/2

[Event "Hoogovens"]
[Site "Wijk aan Zee"]
[Date "1986.??.??"]
[Round "?"]
[White "Seirawan, Yasser"]
[Black "Sosonko, Gennadi"]
[Result "1/2-1/2"]
[WhiteElo "2605"]
[BlackElo "2525"]

1.d4 Nf6 2.c4 e6 3.Nf3 d5 4.Nc3 Bb4 5.cxd5 exd5 6.Bg5 Nbd7 7.e3 c5 8.Bd3 c4
9.Bf5 Qa5 10.Qc2 O-O 11.O-O Re8 12.Nd2 g6 13.Bh3 Bxc3 14.Qxc3 Qxc3 15.bxc3 Ne4
16.Nxe4 dxe4 17.Rfb1 Nb6 18.Bxc8 Raxc8 19.a4 Nd5 20.Rxb7 Nxc3 21.a5 a6 22.Kf1 Nd5
23.Ke1 c3 24.Kd1 c2+ 25.Kd2 Rc3 26.Rc1 Rec8 27.Rb2 f6 28.Bh4 Rd3+ 29.Ke1 Ra3
30.Rbxc2 Rxc2 31.Rxc2 Rxa5 32.g4 Kf7 33.Rc8 Rb5 34.Ra8 g5 35.Bg3 a5 36.Kd1 Ke6
37.Kc2 h6 38.Ra7 f5 39.Ra6+ Kf7 40.Ra7+ Kg6 41.Ra6+ Kh7  1/2-1/2

[Event "USA-op"]
[Site "Los Angeles"]
[Date "1987.??.??"]
[Round "2"]
[White "Brown, Timothy G"]
[Black "Seirawan, Yasser"]
[Result "0-1"]
[WhiteElo "2275"]
[BlackElo "2600"]

1.e4 c5 2.Nf3 e6 3.d4 cxd4 4.Nxd4 a6 5.Nc3 b5 6.Bd3 Bb7 7.O-O Ne7 8.f4 Nbc6
9.Nxc6 Nxc6 10.Be3 d6 11.f5 Qd7 12.fxe6 fxe6 13.Qh5+ g6 14.Qh4 Be7 15.Bg5 Bxg5
16.Qxg5 Qe7 17.Qe3 O-O-O 18.a4 b4 19.Ne2 Kb8 20.Nd4 Ne5 21.Qh3 Nxd3 22.Qxd3 e5
23.Nb3 d5 24.Qe3 d4 25.Qd3 Qc7 26.Rf6 Rhf8 27.Raf1 Rxf6 28.Rxf6 Rc8 29.Rf2 Qc6
30.Na5 Qxe4 31.Qd2 d3 32.cxd3 Qd4 33.Nxb7 Kxb7 34.Qe1 Kb6 35.Kh1 Ka5 36.b3 Rc3
37.Re2 Rxb3 38.Rxe5+ Kxa4 39.Re2 Ra3 40.Qd1+ Ka5 41.Re1  0-1

[Event "USA-op"]
[Site "Los Angeles"]
[Date "1987.??.??"]
[Round "6"]
[White "Rohde, Michael A"]
[Black "Seirawan, Yasser"]
[Result "0-1"]
[WhiteElo "2550"]
[BlackElo "2600"]

1.e4 c6 2.d3 d5 3.Nd2 e5 4.Ngf3 Bd6 5.g3 Nf6 6.Bg2 O-O 7.O-O Re8 8.h3 Nbd7
9.Re1 Nf8 10.d4 Nxe4 11.Nxe5 Nxd2 12.Bxd2 f6 13.Ng4 Rxe1+ 14.Bxe1 Be6 15.c4 dxc4
16.d5 cxd5 17.Bxd5 Be5 18.Bxb7 Qxd1 19.Rxd1 Rb8 20.Nxe5 Rxb7 21.Nc6 Rxb2
22.a3 Bxh3 23.Bb4 Ne6 24.Rc1 Ng5 25.Nd4 Bc8 26.Be1 Bb7 27.Kh2 Bd5 28.g4 g6
29.Rc2 Rb1 30.Re2 c3 31.f4 Nf3+ 32.Nxf3 Bxf3 33.Re3 c2 34.Bd2 Rd1  0-1

[Event "USA-op"]
[Site "Los Angeles"]
[Date "1987.??.??"]
[Round "7"]
[White "Seirawan, Yasser"]
[Black "De Firmian, Nick E"]
[Result "1/2-1/2"]
[WhiteElo "2600"]
[BlackElo "2460"]

1.d4 Nf6 2.c4 c5 3.d5 g6 4.Nc3 d6 5.e4 Bg7 6.Bd3 e6 7.Nf3 exd5 8.exd5 O-O
9.O-O Bg4 10.h3 Bxf3 11.Qxf3 Nfd7 12.Qd1 Ne5 13.Be2 f5 14.f4 Nf7 15.Bd2 Nd7
16.Kh2 h5 17.Bd3 Nf6 18.Qf3 Qb6 19.b3 Rae8 20.Rae1 a6 21.Nd1 Qc7 22.Nf2 Qd7
23.a4 Kh7 24.g3 Nh6 25.a5 Rf7 26.Rxe8 Nxe8 27.Re1 Bd4 28.Kg2 Re7 29.Rxe7+ Qxe7
30.Qe2 Qxe2 31.Bxe2 Nf6 32.Bd3 Kg7 33.Kf3 Kf7 34.Nd1 Nd7 35.Nc3 Ke7 36.Na4 Kf7
37.Bc2 Ke7 38.Nc3 Bg7 39.Ne2 Bf6 40.Nc1 Bd4 41.Nd3 Nf6 42.Ne1 Nd7 43.Ke2 Bf6
44.Nf3 Nf7 45.Nh2 Nh6 46.Nf3 Nf7 47.Be1 Nf8 48.Ke3 Nd7 49.Kd3 Bb2 50.Ke2 Bf6
51.Nh2 Nh6 52.Kf3 Bb2 53.g4 hxg4+ 54.hxg4 Kf7 55.Bh4 Bc3 56.Bd8 Bf6 57.Bc7 Nxg4
58.Nxg4 fxg4+ 59.Kxg4 Be7 60.Bd3 Nf6+ 61.Kf3 Ne8 62.Bb6 Ng7 63.Kg4  1/2-1/2

[Event "Lugano op"]
[Site "Lugano"]
[Date "1987.??.??"]
[Round "?"]
[White "Reshevsky, Samuel Herman"]
[Black "Seirawan, Yasser"]
[Result "0-1"]
[WhiteElo "2455"]
[BlackElo "2595"]

1.Nf3 c5 2.c4 b6 3.g3 Bb7 4.Bg2 g6 5.d4 cxd4 6.Qxd4 Nf6 7.Nc3 d6 8.Nd5 Bg7
9.Bg5 Nbd7 10.Nd2 Kf8 11.Nb3 Nxd5 12.Bh6 N7f6 13.Bxg7+ Kxg7 14.cxd5 e5 15.Qd3 Qe8
16.Nd2 Qa4 17.O-O Ba6 18.Qe3 Rac8 19.Ne4 Nxe4 20.Bxe4 f5 21.Bd3 Bxd3 22.Qxd3 Rc5
23.b3 Qa5 24.e4 Rf8 25.exf5 Rxd5 26.Qe3 Rxf5 27.Rfd1 Rf6 28.a4 Rc5 29.Rac1 Qb4
30.Rxc5 Qxc5 31.Qe2 d5 32.Rd2 d4 33.Rc2 Qd5 34.Qd3 Rf7 35.Re2 Rc7 36.Rc2 Rxc2
37.Qxc2 d3 38.Qd2 a5 39.Qg5 Kf7 40.Qh6 d2 41.Qxh7+ Kf8 42.Qh6+ Ke7 43.Qh4+ Ke8  0-1

[Event "Lugano op"]
[Site "Lugano"]
[Date "1987.??.??"]
[Round "?"]
[White "Seirawan, Yasser"]
[Black "Mariotti, Sergio"]
[Result "1-0"]
[WhiteElo "2595"]
[BlackElo "2410"]

1.d4 e6 2.c4 f5 3.g3 Nf6 4.Bg2 Be7 5.Nf3 d5 6.O-O O-O 7.b3 c6 8.Ba3 Nbd7
9.Qc2 Ne4 10.e3 Re8 11.Bxe7 Qxe7 12.Nc3 a5 13.Rfc1 Rb8 14.Ne2 b6 15.Nf4 Bb7
16.Qb2 g5 17.Nd3 c5 18.Nfe5 Nxe5 19.Nxe5 Rbc8 20.Rc2 g4 21.Bxe4 dxe4 22.Rd1 cxd4
23.Rxd4  1-0

[Event "Lugano op"]
[Site "Lugano"]
[Date "1987.??.??"]
[Round "?"]
[White "Sokolov, Ivan"]
[Black "Seirawan, Yasser"]
[Result "0-1"]
[WhiteElo "2425"]
[BlackElo "2595"]

1.d4 Nf6 2.c4 e6 3.Nc3 Bb4 4.g3 c5 5.Nf3 Nc6 6.Bg2 Qa5 7.d5 Bxc3+ 8.bxc3 exd5
9.O-O dxc4 10.Qd6 Ne4 11.Qf4 d5 12.Ne5 O-O 13.Nxc6 bxc6 14.Bxe4 dxe4 15.Be3 Re8
16.Rfc1 Be6 17.Qd6 Bd5 18.Qxc5 Qxc5 19.Bxc5 Reb8 20.Rcb1 a6 21.Rb6 Rxb6 22.Bxb6 Rb8
23.Rb1 f6 24.a4 a5 25.Kf1 e3 26.f3 Be6 27.Ke1 Bf5 28.Rb2 Bc2 29.Rxc2 Rxb6
30.Rc1 Kf7 31.f4 Ke6 32.Kf1 g5 33.fxg5 fxg5 34.Kg2 g4 35.h3 h5 36.hxg4 hxg4
37.Rd1 Rb2 38.Rd4 Rxe2+ 39.Kf1 Rf2+ 40.Ke1 Kf5 41.Rxc4 Rg2 42.Kd1 Rxg3 43.Ke2 Rg1
44.Kxe3 Re1+ 45.Kf2 Re4 46.Rc5+ Kf4 47.Rxa5 Rc4 48.Ra8 Rxc3 49.Rf8+ Ke5 50.Rg8 Rc4
51.a5 Ra4 52.Rg5+ Kd6 53.Ke2 Ra2+ 54.Kd1 Rg2 55.Rg7 Ke5 56.Rc7 Ra2 57.Ke1 g3
58.Kf1 Kd6 59.Ra7 Kc5 60.Ra8 Rf2+ 61.Ke1 Rc2 62.Kf1 Kb5 63.Kg1 g2 64.Kh2 c5
65.Kg1 c4 66.Kh2 c3  0-1

[Event "Lugano op"]
[Site "Lugano"]
[Date "1987.??.??"]
[Round "?"]
[White "Mohr, Stefan"]
[Black "Seirawan, Yasser"]
[Result "0-1"]
[WhiteElo "2340"]
[BlackElo "2595"]

1.b3 d5 2.Bb2 Bg4 3.Nf3 Bxf3 4.gxf3 Nf6 5.e3 Nbd7 6.f4 c6 7.d3 e6 8.Rg1 g6
9.Nd2 Bd6 10.h4 Qe7 11.Bh3 O-O-O 12.Qe2 Ba3 13.O-O-O Nb6 14.c3 Bxb2+ 15.Kxb2 Kb8
16.Nf3 c5 17.c4 Rd6 18.Bg2 Nh5 19.Kb1 Rhd8 20.Ng5 f6 21.Nf3 Qd7 22.Rc1 dxc4
23.dxc4 Nc8 24.Bh3 Ne7 25.Bg4 Nc6 26.Bxh5 gxh5 27.a3 a5 28.Rc3 Ka7 29.e4 Rd1+
30.Rxd1 Qxd1+ 31.Qxd1 Rxd1+ 32.Kc2 Rf1 33.Kd2 Rxf2+ 34.Ke3 Ra2 35.a4 h6 36.e5 f5
37.Rd3 Rb2 38.Rd6 Rxb3+ 39.Ke2 Rc3 40.Rxe6 Rxc4  0-1

[Event "New York op"]
[Site "New York"]
[Date "1987.??.??"]
[Round "?"]
[White "Seirawan, Yasser"]
[Black "Portisch, Lajos"]
[Result "1/2-1/2"]
[WhiteElo "2595"]
[BlackElo "2610"]

1.d4 Nf6 2.c4 e6 3.Nf3 b6 4.Nc3 Bb7 5.g3 Ne4 6.Nxe4 Bxe4 7.Bg2 Be7 8.O-O O-O
9.Ne1 Bxg2 10.Nxg2 d5 11.Qa4 dxc4 12.Qxc4 c5 13.dxc5 Bxc5 14.Be3 Nd7 15.Rfd1 Qe7
16.Bxc5 Nxc5 17.Rd4 Rac8 18.Rad1 Rc7 19.Ne3 h6 20.Qb5 Qe8 21.Qxe8 Rxe8 22.Nc4 Kf8
23.b3 Ke7 24.Nd6 Ra8 25.f3 a6 26.Nc4 b5 27.Na5 Rac8 28.Kf2 Rd7 29.Ke3 Rxd4
30.Rxd4 e5 31.Rd5 Nd7 32.Nb7 Rc6 33.Na5 Rc7 34.Kd3 Nc5+ 35.Ke3 Nd7 36.Kd3 Nc5+  1/2-1/2

[Event "New York op"]
[Site "New York"]
[Date "1987.??.??"]
[Round "?"]
[White "Seirawan, Yasser"]
[Black "Sax, Gyula"]
[Result "1/2-1/2"]
[WhiteElo "2595"]
[BlackElo "2570"]

1.d4 Nf6 2.c4 e6 3.Nf3 b6 4.Nc3 Bb7 5.g3 Ne4 6.Nxe4 Bxe4 7.Bg2 Be7 8.O-O O-O
9.Ne1 Bxg2 10.Nxg2 d5 11.Qa4 dxc4 12.Qxc4 c5 13.dxc5 Bxc5 14.Be3 Nd7 15.Rfd1 Qe7
16.Bxc5 Nxc5 17.Rd4 Rac8 18.Rad1 Ne4 19.Qd3 Nf6 20.Ne3 Rc7 21.Nc4 Qc5 22.Na3 h6
23.Nb5 Re7 24.a4 e5 25.b4 Qc8 26.Rd8 Qg4 27.Rxf8+ Kxf8 28.Qd8+ Re8 29.Qd2 e4
30.Kg2 Kg8 31.h3 Qh5 32.e3 Qf3+ 33.Kh2 Qh5 34.Kg2 Qf3+ 35.Kh2 Qh5 36.Kg2  1/2-1/2

[Event "New York op"]
[Site "New York"]
[Date "1987.??.??"]
[Round "?"]
[White "Seirawan, Yasser"]
[Black "Ftacnik, Lubomir"]
[Result "1-0"]
[WhiteElo "2595"]
[BlackElo "2540"]

1.c4 c5 2.g3 Nf6 3.Bg2 e6 4.Nf3 b6 5.Ne5 d5 6.cxd5 Nxd5 7.Nc3 Bb7 8.Qa4+ Nd7
9.Nxd5 Bxd5 10.Bxd5 exd5 11.Qc6 Be7 12.Nxd7 Rc8 13.Nf6+ Kf8 14.Nd7+ Ke8 15.Nf6+ Kf8
16.Qxd5 Bxf6 17.Qxd8+ Rxd8 18.Rb1 g5 19.b3 Kg7 20.Bb2 Bxb2 21.Rxb2 Rhe8 22.e3 Re6
23.Ke2 Red6 24.h4 g4 25.Rc1 h5 26.a3 a5 27.b4 cxb4 28.axb4 Ra8 29.bxa5 bxa5
30.Rc5 Rh6 31.Rg5+ Kf8 32.Rgb5 Kg7 33.d4 a4 34.Kd3 Ra7 35.Ra2 Rh8 36.Kc4 Kg6
37.Kb4 Rha8 38.Ka3 Rc7 39.Rg5+ Kf6 40.Rxh5 Rb8 41.Rb2 Rc3+ 42.Ka2 Rbb3 43.Rxb3 axb3+
44.Ka3 Rc2 45.e4 Rxf2 46.Rf5+ Rxf5 47.exf5 Kxf5 48.h5  1-0

[Event "New York op"]
[Site "New York"]
[Date "1987.??.??"]
[Round "?"]
[White "Christiansen, Larry Mark"]
[Black "Seirawan, Yasser"]
[Result "1/2-1/2"]
[WhiteElo "2575"]
[BlackElo "2595"]

1.d4 Nf6 2.c4 e6 3.Nf3 Bb4+ 4.Bd2 Qe7 5.g3 Nc6 6.Bg2 Bxd2+ 7.Nbxd2 d6 8.O-O a5
9.e4 e5 10.d5 Nb8 11.Ne1 O-O 12.b3 Na6 13.a3 c6 14.Nd3 cxd5 15.cxd5 Bd7 16.Nc4 Bb5
17.Nb6 Bxd3 18.Qxd3 Nc5 19.Qb5 Ra6 20.Rfe1 Qe8 21.Qxe8 Rxe8 22.Na4 Nxb3 23.Rab1 b5
24.Rxb3 bxa4 25.Rb7 Raa8 26.Rb6 Red8 27.Reb1 Kf8 28.f3 Rac8 29.Rc6 Rb8 30.Rxb8 Rxb8
31.Rxd6 Rb3 32.Ra6 Rxa3 33.d6 g5 34.Ra8+ Kg7 35.Rxa5 g4 36.fxg4 Ra1+ 37.Bf1 Rd1
38.Rxe5 Rxd6 39.Rg5+ Kf8 40.Ra5 Rd1 41.Rxa4 Nxg4 42.Ra3 Nxh2 43.Kxh2 Rxf1  1/2-1/2

[Event "New York op"]
[Site "New York"]
[Date "1987.??.??"]
[Round "?"]
[White "Kudrin, Sergey"]
[Black "Seirawan, Yasser"]
[Result "1/2-1/2"]
[WhiteElo "2505"]
[BlackElo "2595"]

1.e4 e5 2.Nf3 Nf6 3.Nxe5 d6 4.Nf3 Nxe4 5.d4 d5 6.Bd3 Nc6 7.O-O Be7 8.c4 Nb4
9.Be2 Be6 10.Nc3 O-O 11.Be3 Bf6 12.Qa4 Nxc3 13.bxc3 Nc6 14.Rab1 Qd7 15.Qa3 b6
16.cxd5 Bxd5 17.c4 Bxf3 18.Bxf3 Rad8 19.d5 Ne5 20.Be2 Qd6 21.c5 Qxd5 22.Qxa7 Ra8
23.Qxc7 Qxa2 24.Rfe1 bxc5 25.Qxc5 Rfc8 26.Qb5 h6 27.Qb3 Qxb3 28.Rxb3 Ra2
29.h3 g5 30.Bf1 Kg7 31.Rbb1 Ng6 32.Rec1 Rxc1 33.Rxc1 Nf4 34.Rb1 Rc2 35.g3 Nd5
36.Ba7 Rc7 37.Bb8 Rc2 38.Ba7 Rc7 39.Bb8 Rc2 40.Ba7 Ra2 41.Bc5 Rd2 42.Rb7 Bd4
43.Bxd4+ Rxd4 44.Be2 Nf6 45.Rc7 h5 46.Bc4 Nd7 47.Be2 h4 48.Rc4 Rxc4 49.Bxc4 Ne5
50.Bb3 Kf6 51.Kg2 Nc6 52.Bd5 Nd4 53.Ba2 Kg7 54.Bb1 f5 55.gxh4 gxh4 56.f4 Kf6
57.Kf2 Ke6 58.Ke3 Kd5 59.Ba2+ Kc5 60.Kd3 Nc6 61.Be6 Ne7 62.Ke3 Kd6 63.Ba2 Nd5+
64.Bxd5 Kxd5 65.Kd3 Kc5 66.Kc3 Kd5  1/2-1/2

[Event "New York op playoff blitz"]
[Site "New York"]
[Date "1987.??.??"]
[Round "3"]
[White "Seirawan, Yasser"]
[Black "Adorjan, Andras"]
[Result "1-0"]
[WhiteElo "2595"]
[BlackElo "2560"]

1.c4 c5 2.g3 Nc6 3.Bg2 g6 4.Nc3 Bg7 5.a3 b6 6.Rb1 Bb7 7.b4 cxb4 8.axb4 Qc8
9.f3 Nh6 10.Nh3 Nf5 11.Nf2 O-O 12.O-O Rb8 13.Nd5 e6 14.Nf4 Nce7 15.e4 Nd4
16.d3 b5 17.cxb5 Nxb5 18.Ne2 d5 19.Bf4 e5 20.Bd2 Qd7 21.Rc1 a6 22.Rc5 dxe4
23.dxe4 Rfd8 24.Bg5 Qe6 25.Qc1 f6 26.Be3 Nc6 27.Bh3 Qe8 28.Qc4+ Kh8 29.Rc1 Nbd4
30.Nxd4 exd4 31.Bf4 Ne5 32.Bxe5 fxe5 33.Nd3 Bh6 34.Rc2 Bg7 35.Rc7 Bc8 36.Bxc8 Rbxc8
37.Rxc8  1-0

[Event "Philadelphia op"]
[Site "Philadelphia"]
[Date "1987.??.??"]
[Round "?"]
[White "Meyer, E."]
[Black "Seirawan, Yasser"]
[Result "1-0"]
[WhiteElo "2450"]
[BlackElo "2595"]

1.c4 e5 2.Nc3 Nc6 3.g3 g6 4.Bg2 Bg7 5.Rb1 f5 6.b4 Nf6 7.d3 O-O 8.e3 f4 9.b5 fxe3
10.fxe3 Ne7 11.Nf3 d6 12.O-O a6 13.a4 axb5 14.axb5 Kh8 15.Ng5 Bh6 16.e4 Bg7
17.Bh3 Bxh3 18.Nxh3 Qd7 19.Nf2 Neg8 20.Nd5 Bh6 21.d4 Nxd5 22.cxd5 Bg7 23.Bb2 exd4
24.Bxd4 b6 25.Ra1 Nh6 26.Ra6 Rae8 27.Ra7 Kg8 28.Qd3 Bxd4 29.Qxd4 Re7 30.Rc1  1-0

[Event "Philadelphia op"]
[Site "Philadelphia"]
[Date "1987.??.??"]
[Round "?"]
[White "Glueck, David"]
[Black "Seirawan, Yasser"]
[Result "1/2-1/2"]
[WhiteElo "2345"]
[BlackElo "2595"]

1.e4 c5 2.Nf3 e6 3.d3 d5 4.Qe2 Nf6 5.g3 b6 6.e5 Nfd7 7.Bg2 Bb7 8.O-O Be7
9.h4 Nc6 10.c4 d4 11.Na3 a6 12.Re1 h6 13.h5 Qc7 14.Nc2 O-O-O 15.Rb1 g5 16.hxg6 fxg6
17.b4 g5 18.b5 Ncb8 19.bxa6 Nxa6 20.Na3 Qb8 21.Bh3 Nc7 22.Nb5 Nxb5 23.Rxb5 Bc6
24.Bxe6 Qb7 25.Bd5 g4 26.Nd2 h5 27.Bxc6 Qxc6 28.Qe4 Qxe4 29.Rxe4 Kb7 30.Re2 Kc6
31.e6 Nf8 32.f4 h4 33.f5 Nh7 34.Ne4 Rhf8 35.Bf4 Ra8 36.Reb2 Ra6 37.a4 Bd8
38.a5 Rxa5 39.e7 Bxe7 40.Rxb6+ Kd7 41.Rb7+ Ke8 42.Nd6+ Kd8 43.Rb8+ Kd7 44.R8b7+ Kd8
45.Re2 Ra1+ 46.Kg2 Bxd6 47.Rxh7 h3+ 48.Kh2 Bxf4 49.gxf4 Rg8 50.Rb2 Kc8 51.Rbb7 g3+
52.Kxh3 g2 53.Rbc7+ Kd8 54.Rcd7+  1/2-1/2

[Event "Philadelphia op"]
[Site "Philadelphia"]
[Date "1987.??.??"]
[Round "?"]
[White "Seirawan, Yasser"]
[Black "Dunne, Alex"]
[Result "1-0"]
[WhiteElo "2595"]
[BlackElo "2245"]

1.d4 d5 2.c4 c6 3.Nf3 Nf6 4.e3 g6 5.Nc3 Bg7 6.Bd3 O-O 7.O-O Nbd7 8.cxd5 cxd5
9.b3 b6 10.Ba3 Bb7 11.Rc1 Ne4 12.Qe2 Ndc5 13.dxc5 Nxc3 14.Qe1 Ne4 15.c6 Bc8
16.Nd4 Nd6 17.f4 Re8 18.Qg3 e5 19.fxe5 Rxe5 20.c7 Qe8 21.Nc6 Rxe3 22.Qxd6 Rxd3
23.Qd8 Bd7 24.Nb8 Re3 25.c8=Q Bxc8 26.Rxc8 Bd4 27.Kh1 Bc5 28.Qxe8+  1-0

[Event "Sarajevo"]
[Site "Sarajevo"]
[Date "1987.??.??"]
[Round "?"]
[White "Seirawan, Yasser"]
[Black "Sokolov, Ivan"]
[Result "1-0"]
[WhiteElo "2595"]
[BlackElo "2425"]

1.c4 Nf6 2.Nc3 d5 3.cxd5 Nxd5 4.g3 g6 5.Bg2 Nb6 6.d3 Bg7 7.Be3 O-O 8.Qc1 Re8
9.Bh6 Bh8 10.h4 Nc6 11.h5 Nd4 12.Nf3 Nxf3+ 13.Bxf3 c6 14.hxg6 hxg6 15.Kf1 Nd5
16.Kg2 Nxc3 17.bxc3 Qa5 18.Bd2 Bg7 19.Rb1 Be6 20.c4 Qc7 21.Bh6 Bf6 22.Qg1 Bf5
23.Qh2 e5 24.Bg5 Bg7 25.Qh4 f6 26.Bxf6 Rab8 27.g4  1-0

[Event "Sarajevo"]
[Site "Sarajevo"]
[Date "1987.??.??"]
[Round "?"]
[White "Seirawan, Yasser"]
[Black "Kurajica, Bojan"]
[Result "1-0"]
[WhiteElo "2595"]
[BlackElo "2495"]

1.c4 e5 2.g3 Nc6 3.Bg2 f5 4.Nc3 Nf6 5.e3 d6 6.d3 g6 7.Nge2 Bg7 8.Rb1 a5 9.a3 O-O
10.b4 axb4 11.axb4 Ne7 12.b5 d5 13.Qb3 Be6 14.Ba3 dxc4 15.dxc4 c6 16.O-O Rc8
17.Rfd1 Qe8 18.Qb4 c5 19.Qb3 Qf7 20.Bxb7 Bxc4 21.Qa4 Rb8 22.Bg2 Ne4 23.Rd7 Ra8
24.Rxe7 Rxa4 25.Rxf7 Rxa3 26.Rxf8+ Bxf8 27.Bxe4 fxe4 28.b6 Ra8 29.Nxe4 Bd3
30.b7 Rb8 31.Nf6+ Kg7 32.Nd7 Bxb1 33.Nxb8 Be4 34.Nc6  1-0

[Event "Sarajevo"]
[Site "Sarajevo"]
[Date "1987.??.??"]
[Round "?"]
[White "Seirawan, Yasser"]
[Black "Cvitan, Ognjen"]
[Result "1/2-1/2"]
[WhiteElo "2595"]
[BlackElo "2500"]

1.d4 Nf6 2.c4 g6 3.Nc3 Bg7 4.e4 d6 5.f3 O-O 6.Be3 b6 7.Qd2 c5 8.Nge2 Nc6
9.d5 Ne5 10.Ng3 e6 11.Be2 exd5 12.cxd5 a6 13.a4 h5 14.O-O h4 15.Nh1 Nh7 16.Bh6 f5
17.Bxg7 Kxg7 18.f4 Nf7 19.Nf2 Ra7 20.Rae1 fxe4 21.Nfxe4 Nh6 22.Ng5 Nf5 23.Nxh7 Kxh7
24.Ne4 Nd4 25.Ng5+ Kg7 26.Bd3 Re7 27.h3 Qe8 28.Qf2 Rh8 29.Rxe7+ Qxe7 30.Re1 Qf6
31.Qe3 Rf8 32.Qe7+ Qxe7 33.Rxe7+ Kg8 34.Rc7 Bf5 35.Bxa6 Ra8 36.Bb5 Nxb5 37.axb5 Ra1+
38.Kh2 Ra5 39.Ne6 Rxb5 40.Rc8+ Kf7 41.Rc7+  1/2-1/2

[Event "Sarajevo"]
[Site "Sarajevo"]
[Date "1987.??.??"]
[Round "?"]
[White "Popovic, Petar"]
[Black "Seirawan, Yasser"]
[Result "1-0"]
[WhiteElo "2540"]
[BlackElo "2595"]

1.e4 c6 2.d4 d5 3.Nd2 dxe4 4.Nxe4 Nf6 5.Nxf6+ gxf6 6.Bc4 Bf5 7.Ne2 Nd7 8.O-O Nb6
9.Bb3 Qd7 10.c4 Bg7 11.Be3 O-O 12.Qd2 Bg6 13.Rfd1 Nc8 14.Nf4 Nd6 15.Nxg6 hxg6
16.f3 e6 17.a4 Nf5 18.Bf2 Rfd8 19.Bc2 Ne7 20.a5 Qe8 21.Qb4 Rd7 22.Rd3 Qd8
23.Rad1 Bh6 24.Kh1 Bf4 25.Qc3 Kg7 26.g3 Bd6 27.Kg2 Qh8 28.Re1 Qh7 29.Rdd1 Rh8
30.h4 Qg8 31.Re2 Qb8 32.b4 Qc8 33.Be4 Bb8 34.Qb2 Qd8 35.a6 bxa6 36.Ra1 e5
37.Rxa6 exd4 38.Rd2 Qc8 39.Ra5 Rhd8 40.Bxd4 Be5 41.Rxe5 fxe5 42.Bxe5+ Kh7
43.Re2 Nf5 44.Bxf5 gxf5 45.Qc1 Rg8 46.Qf4 Re7 47.Rd2 Rg6 48.h5 Rh6 49.Rd8 Qxd8
50.Qxf5+ Kg8 51.Qg5+ Rg6 52.hxg6 Rd7 53.gxf7+ Kxf7 54.Qf5+ Kg8 55.Qg6+ Kf8
56.Bf4 Rd2+ 57.Bxd2 Qxd2+ 58.Kh3 Qxb4 59.Qf6+ Kg8 60.Qxc6 a5 61.c5 Qc4 62.Qg6+ Kf8
63.c6 Qf1+ 64.Kg4 Qc4+ 65.f4 a4 66.Qd6+ Kf7 67.c7 a3 68.Qd7+ Kg6 69.Qe8+  1-0

[Event "World Cup"]
[Site "Brussels"]
[Date "1988.??.??"]
[Round "?"]
[White "Timman, Jan H"]
[Black "Seirawan, Yasser"]
[Result "1/2-1/2"]
[WhiteElo "2675"]
[BlackElo "2595"]

1.d4 Nf6 2.c4 e6 3.Nc3 Bb4 4.e3 c5 5.Bd3 Nc6 6.Ne2 cxd4 7.exd4 d5 8.cxd5 Nxd5
9.O-O O-O 10.Bc2 Be7 11.a3 Nxc3 12.bxc3 Bd7 13.Re1 g6 14.Nf4 Bf6 15.Rb1 b6
16.d5 exd5 17.Nxd5 Be6 18.c4 Bg7 19.Bf4 Nd4 20.Be4 Rc8 21.Rc1 Re8  1/2-1/2

[Event "World Cup"]
[Site "Brussels"]
[Date "1988.??.??"]
[Round "?"]
[White "Seirawan, Yasser"]
[Black "Tal, Mihail"]
[Result "1-0"]
[WhiteElo "2595"]
[BlackElo "2630"]

1.d4 Nf6 2.c4 e6 3.Nc3 Bb4 4.Qc2 O-O 5.Bg5 d6 6.e3 Nbd7 7.Bd3 h6 8.Bh4 c5
9.Ne2 b6 10.O-O cxd4 11.exd4 Bb7 12.a3 Bxc3 13.Nxc3 Qc7 14.b4 Ba6 15.a4 Rfc8
16.Nb5 Qc6 17.Bg3 e5 18.Qb2 d5 19.Rfc1 Qe6 20.cxd5 Qxd5 21.Rxc8+ Rxc8 22.Nxa7 Bb7
23.Bf1 Rc4 24.Nb5 exd4 25.Rd1 Bc6 26.Nxd4 Nh5 27.f3 Bxa4 28.Bxc4 Qxc4 29.Ra1 Qd3
30.Bf2 b5 31.Qe2 Qc3 32.Qe1 Qd3 33.Qe8+ Nf8 34.Nc6  1-0

[Event "Lugano op"]
[Site "Lugano"]
[Date "1988.??.??"]
[Round "?"]
[White "Seirawan, Yasser"]
[Black "Andrijevic, Milan"]
[Result "1-0"]
[WhiteElo "2595"]
[BlackElo "2370"]

1.d4 Nf6 2.c4 e6 3.Nc3 c5 4.d5 exd5 5.cxd5 d6 6.e4 g6 7.Bd3 Bg7 8.Nge2 O-O
9.O-O b6 10.a4 Ba6 11.Nb5 Bxb5 12.axb5 c4 13.Bc2 Re8 14.Nc3 Qc7 15.Ra4 Nbd7
16.h3 Rec8 17.Be3 Rab8 18.Qa1 Rb7 19.Qa2 Ne5 20.Ra1 Nd3 21.Bxd3 cxd3 22.Qb1 Nd7
23.Qxd3 Ne5 24.Qe2 Nc4 25.Nd1 Na5 26.R1a3 Qe7 27.Bd4 Bxd4 28.Rxd4 Rbc7 29.Rc3 Qe5
30.Ra4 f5 31.g3 f4 32.gxf4 Qxf4 33.Kg2 Rxc3 34.Nxc3 Rf8 35.Qe3 Qe5 36.Qg3 Qf6
37.Nd1 Rf7 38.Ne3 Qxb2 39.Nf5 Qxb5 40.Ra3 Rxf5 41.exf5 Qxd5+ 42.Kg1 Qxf5
43.Qxd6 Kg7 44.Rd3 Kh6 45.Rd4 Qg5+ 46.Kh1 Qc1+ 47.Kh2 Qc5 48.Qf4+ Qg5 49.Qf8+ Kh5
50.Qg7 h6 51.Rg4 Qf5 52.Rh4+  1-0

[Event "Lugano op"]
[Site "Lugano"]
[Date "1988.??.??"]
[Round "?"]
[White "Filipovic, Branko"]
[Black "Seirawan, Yasser"]
[Result "1/2-1/2"]
[WhiteElo "2450"]
[BlackElo "2595"]

1.e4 c6 2.d4 d5 3.e5 Bf5 4.h4 h5 5.c4 e6 6.Nc3 Nd7 7.Bg5 Qb6 8.Qd2 Ne7 9.c5 Qc7
10.Bf4 Ng6 11.Bg3 b6 12.cxb6 Qxb6 13.Nf3 Rb8 14.Na4 Qb4 15.Qxb4 Rxb4 16.b3 Bg4
17.Rd1 Bxf3 18.gxf3 Nb6 19.Nxb6 axb6 20.f4 c5 21.f5 exf5 22.f4 Rxd4 23.Rxd4 cxd4
24.Bb5+ Kd8 25.Ke2 Bc5 26.Bd3 Ne7 27.a3 Kc7 28.b4 Ra8 29.Rc1 Kc6 30.Bf2 Ng6
31.Bxf5 Nxf4+ 32.Kf3 Ne6 33.Bxe6 Rxa3+ 34.Kf4 fxe6 35.bxc5 bxc5 36.Bxd4 c4
37.Rc3 Ra2 38.Rg3 Rd2 39.Be3 Rd1 40.Rg1 Rd3 41.Rg6 d4 42.Rxe6+ Kc5 43.Bc1 Rc3
44.Bb2 Rb3 45.Bc1 Rc3 46.Bb2 Rh3 47.Re8 c3 48.Ba3+ Kc4 49.e6 Rxh4+ 50.Ke5 Rh1
51.Rc8+ Kb3 52.e7 Kxa3 53.e8=Q Re1+ 54.Kxd4 Rxe8 55.Rxe8 c2 56.Rc8 Kb2 57.Rb8+  1/2-1/2